Upkar's new banks recruitment tests (Record no. 60918)

MARC details
000 -LEADER
fixed length control field 00613nam a22001937a 4500
005 - DATE AND TIME OF LATEST TRANSACTION
control field 20120114161120.0
008 - FIXED-LENGTH DATA ELEMENTS--GENERAL INFORMATION
fixed length control field 120114t xxu||||| |||| 00| 0 eng d
020 ## - INTERNATIONAL STANDARD BOOK NUMBER
Terms of availability Rs 95.00
035 ## - SYSTEM CONTROL NUMBER
System control number B-44887
040 ## - CATALOGING SOURCE
Original cataloging agency DPL
Language of cataloging ENG
082 ## - DEWEY DECIMAL CLASSIFICATION NUMBER
Classification number 000
100 ## - MAIN ENTRY--PERSONAL NAME
Personal name Lal, M. B.
9 (RLIN) 39209
245 ## - TITLE STATEMENT
Title Upkar's new banks recruitment tests
Statement of responsibility, etc by Lal and Bhatnagar
260 ## - PUBLICATION, DISTRIBUTION, ETC. (IMPRINT)
Place of publication, distribution, etc Agra
Name of publisher, distributor, etc Upkar Prakashan
Date of publication, distribution, etc 2002
300 ## - PHYSICAL DESCRIPTION
Extent various pages
Dimensions 22x17 cm
700 ## - ADDED ENTRY--PERSONAL NAME
Personal name Bhatnagar
9 (RLIN) 39210
942 ## - ADDED ENTRY ELEMENTS (KOHA)
Source of classification or shelving scheme Dewey Decimal Classification
Item type English Books
Classification part 000
Call number suffix LAL
Holdings
Withdrawn status Lost status Source of classification or shelving scheme Damaged status Not for loan Collection code Home library Current library Shelving location Date acquired Cost, normal purchase price Total Checkouts Full call number Barcode Date last seen Cost, replacement price Koha item type
    Dewey Decimal Classification     Non-fiction Sarojini Nagar Sarojini Nagar General Stacks 14/01/2012 95.00   000 LAL B-44887 14/01/2012 95.00 English Books
    Dewey Decimal Classification     Non-fiction Sarojini Nagar Sarojini Nagar   16/02/2019     000 LAL B-044902 16/02/2019   English Books

© Delhi Public Library
Hit Counter
free hit counter